| 000 | 00377 a2200145 4500 | ||
|---|---|---|---|
| 005 | 20250430125916.0 | ||
| 020 | _a0 435 4524 95 | ||
| 082 | _a658 022 CAR | ||
| 100 | _aCARYSFORTH, C. | ||
| 245 | _aIntermediate Business. | ||
| 260 |
_aLondon, _bHeinemann, _c1995. |
||
| 300 |
_aXviii, 552p.: ill.; figure _bIndex _c26cm. |
||
| 700 | _aRAWLINSON, M. & NEILD, M. | ||
| 942 |
_2ddc _cBKS |
||
| 999 |
_c1836 _d1836 |
||